000 00685nam a2200229 a 4500
001 BRCA_8127
005 20190320210137.0
008 100414s1943----gw-####f##---#001-0#ger-#
041 _ager
044 _agw
050 4 _aN8080
_b.B82 2
_c1943
100 1 _aBraun, Joseph
_920233
245 1 0 _aTracht und attribute der heiligen in der deutschen kunst
_cJoseph Braun.
260 _aStuttgart
_bAlfred Druckenmüller
_c1943
300 _a854 p.
_bil., 428 láminas
_c28 cm.
500 _aY205
500 _aEjemplar igual a Y196
650 1 4 _aVestuario religioso
_vSantos
_zAlemania
_920234
650 1 4 _aArte religioso
_vvestimenta
_zAlemania
_920235
902 _aGFM
942 _2lcc
_cB
999 _c7795
_d7795